00744nam a22002177a 4500003001100000005001700011008004100028020001500069040003900084041000800123082001600131245002700147260005000174300001900224650006600243650007900309700002500388942000700413952009100420999001500511LK-CoMWRAF20231017094826.0231017b |||||||| |||| 00| 0 eng d a8185274916 aLK-CoMWRAFdLK-CoMWRAFeLK-CoMWRAF aeng a822.33bCRI aCritics on Shakespeare aLondon : bGeorge allen and unwin Ltd, c1973 a84 p. ; 22 cm. aShakespeare, William--1564-1616--Criticism and interpretation aDrama in English Shakespeare, William Critical studies, 1592-1965 Readings aAndrews, W. T. eed. cBK 00104070aMAINbMAINd2023-10-17l0o822.33 CRIpRAF2269r2023-10-17w2023-10-17yBK c3895d3895